000 00393pam a2200157a 44500
008 230515b1999 xxu||||| |||| 00| 0 eng d
020 _a81 250 1620 1
041 _aENGLISH
082 _a618.2 RAT
100 _aRATNAM S.S.
245 _aOBSTETRICA AND GYNECOLOGY FOE POSTGRADUATES VOL 1
250 _a2ND
260 _aNEW DELHI
_bORIANT LONGMAN
_c1999
300 _a448
650 _aN.D.
999 _c480689
_d480689